000 00742nam a2200241 i 4500
001 C2-0302528
003 PPAK
005 20180728083515.0
008 100128s2002 nyua|||| ||||| | eng d
020 _a0316826200
040 _aPPAK
_beng
_cPPAK
_erda
082 0 4 _a973.049280092
_223
090 0 0 _a973.049280092
_bMAW
_dLCK
100 0 _aMawi Asgedom,
_eauthor
245 1 0 _aOf beetles and angles
_ba boy's remarkable journey from a refugee camp to Harvard
264 1 _aNew York :
_bMegam Timgley Books ,
_c2002
300 _a142 pages :
_billustrations ;
_c20 cm
336 _2rdacontent
_atext
337 _2rdamedia
_aunmediated
338 _2rdacarrier
_avolume
650 1 0 _aMawi Asgedom-Chilhood and youth.
942 _ddc
_cB
999 _c106089
_d106089